• 首页
  • 本馆介绍
  • 公告通知
  • 最新文献
  • 馆藏检索
  • 电子资源
  • 读者导购
  • 参考咨询
  • 我的图书馆
  • 登录
  • 详细信息显示
  • 放入我的书架
  • 预约/预借图书
  • 作者相关作品
  • 分类相关作品
  • 丛书相关作品
  • 出版社相关作品

书目信息

  • 表格格式
  • 工作单格式
  • 卡片格式
书名: Magnetism
作者: [by] S. V. Vonsovskii. Translated from Russian by Ron Hardin.
分册号:
分册名:
出版地: New York :
 
出版社: J. Wiley
出版时间: [1974].
页数: 2 v. (xix, 1256 p.) :
开本: 25 cm.
丛书名:
中图分类号:
科图分类号:
其他分类号: O441.2
主题词:
电子资源:
000 00848cam 2200277 45x0
001 E0731480977
005 20070301084456.10
008 010301s1974 nyua b 001 0 eng
010    @a 73016426 //r852
020    @a047091193X.
040    @aDLC@cDLC
041 1  @aengrus
050 00 @aQC753.2@b.V6613
082    @a538
090    @aP346/W18
090    @aO441.2
099    @dO441.2@ex7:2
100 1  @aVonsovski鎖, S. V.@q(Serge鎖 Vasilvich)
240 10 @aMagnetizm.@lEnglish
245 00 @aMagnetism / @c[by] S. V. Vonsovskii. Translated from Russian by Ron Hardin.
260    @aNew York :@bJ. Wiley,@c[1974].
300    @a2 v. (xix, 1256 p.) :@billus. ;@c25 cm.
500    @a"A Halsted Press book."
500    @aTranslation of Magnetizm.
504    @aBibliography: v. 2, p. 1231-1239.
650  0 @aMagnetism.
    
    Magnetism / / [by] S. V. Vonsovskii. Translated from Russian by Ron Hardin.-New York : : J. Wiley, , [1974].
    2 v. (xix, 1256 p.) : : illus. ; ; 25 cm.
    "A Halsted Press book." .-Translation of Magnetizm.-Bibliography: v. 2, p. 1231-1239.
    
    ISBN 047091193X.
    
●
相关链接 在E读中查询图书 在五车中查询图书 在当当中查询图书 在豆瓣中查询图书


正题名:Magnetism     索取号:O441.2/x7:2         预约/预借

序号 登录号 条形码 馆藏地/架位号 状态 备注
1 181111   000638518   第四借阅区/ [索取号:O441.2/x7:2] 在馆    
2 181112   000638527   第四借阅区/ [索取号:O441.2/x7:2] 在馆    
唐山师范学院图书馆 欢迎您!
大连网信软件有限公司© 版权所有